Разработка противогололедных смесей на основе торфа и хлорида кальция; Экология и безопасность в техносфере: современные проблемы и пути решения; Т. 1

Podrobná bibliografie
Parent link:Экология и безопасность в техносфере: современные проблемы и пути решения: сборник трудов Всероссийской научно-практической конференции молодых ученых, аспирантов и студентов, Юрга, 5-6 ноября 2015 г./ Национальный исследовательский Томский политехнический университет (ТПУ), Юргинский технологический институт (ЮТИ) ; под ред. Д. А. Чинахова.— , 2015
Т. 1.— 2015.— [С. 215-218]
Hlavní autor: Гераскевич А. В. Алина Вадимовна
Korporativní autor: Национальный исследовательский Томский политехнический университет (ТПУ) Институт неразрушающего контроля (ИНК) Кафедра экологии и безопасности жизнедеятельности (ЭБЖ)
Další autoři: Лебедева М. С., Ларионова Е. В. Екатерина Владимировна
Shrnutí:Заглавие с титульного экрана
Jazyk:ruština
Vydáno: 2015
Edice:Экологическая и техногенная безопасность
Témata:
On-line přístup:http://earchive.tpu.ru/handle/11683/15171
http://www.lib.tpu.ru/fulltext/c/2015/C52/V1/066.pdf
Médium: MixedMaterials Elektronický zdroj Kapitola
KOHA link:https://koha.lib.tpu.ru/cgi-bin/koha/opac-detail.pl?biblionumber=616933

MARC

LEADER 00000naa2a2200000 4500
001 616933
005 20241028115635.0
035 |a (RuTPU)RU\TPU\conf\15189 
035 |a RU\TPU\conf\15184 
090 |a 616933 
100 |a 20160127d2015 k y0rusy50 ca 
101 0 |a rus 
102 |a RU 
105 |a y z 101zy 
135 |a drcn ---uucaa 
181 0 |a i  
182 0 |a b 
200 1 |a Разработка противогололедных смесей на основе торфа и хлорида кальция  |f А. В. Гераскевич, М. С. Лебедева, Е. В. Ларионова 
203 |a Текст  |c электронный 
225 1 |a Экологическая и техногенная безопасность 
300 |a Заглавие с титульного экрана 
320 |a [Библиогр.: с. 218 (2 назв.)] 
337 |a Adobe Reader 
461 1 |0 (RuTPU)RU\TPU\conf\14041  |t Экология и безопасность в техносфере: современные проблемы и пути решения  |o сборник трудов Всероссийской научно-практической конференции молодых ученых, аспирантов и студентов, Юрга, 5-6 ноября 2015 г.  |o в 2 т.  |f Национальный исследовательский Томский политехнический университет (ТПУ), Юргинский технологический институт (ЮТИ) ; под ред. Д. А. Чинахова  |d 2015 
463 0 |0 (RuTPU)RU\TPU\conf\14042  |t Т. 1  |v [С. 215-218]  |d 2015 
610 1 |a труды учёных ТПУ 
610 1 |a электронный ресурс 
610 1 |a противогололедные материалы 
610 1 |a смеси 
610 1 |a торф 
610 1 |a хлорид кальция 
700 1 |a Гераскевич  |b А. В.  |c химик-технолог  |c инженер Томского политехнического университета  |f 1997-  |g Алина Вадимовна  |3 (RuTPU)RU\TPU\pers\46866  |9 22488 
701 1 |a Лебедева  |b М. С. 
701 1 |a Ларионова  |b Е. В.  |c химик  |c доцент Томского политехнического университета, кандидат химических наук  |f 1978-  |g Екатерина Владимировна  |3 (RuTPU)RU\TPU\pers\28573 
712 0 2 |a Национальный исследовательский Томский политехнический университет (ТПУ)  |b Институт неразрушающего контроля (ИНК)  |b Кафедра экологии и безопасности жизнедеятельности (ЭБЖ)  |3 (RuTPU)RU\TPU\col\18720 
801 2 |a RU  |b 63413507  |c 20210524  |g RCR 
856 4 |u http://earchive.tpu.ru/handle/11683/15171 
856 4 |u http://www.lib.tpu.ru/fulltext/c/2015/C52/V1/066.pdf 
942 |c BK